Southville International School and Colleges
Your cart is empty.
  • Cart
  • Lists
    Public lists Eva Luna New books Lux_list list_1
    Your lists Log in to create your own lists
  • Log in to your account
  • Your cookies
  • Search history
Southville International School and Colleges
  • Advanced search
  • Recent comments
  • Most popular
  • Libraries

Log in to your account

Log in with GOOGLE


If you do not have an external account, but do have a local account, you can still log in:

  1. Home
  2. MARC view: The twenty-one balloons /
Normal view MARC view ISBD view

The twenty-one balloons / (Record no. 8004)

[ view plain ]
MARC details
000 -LEADER
fixed length control field 01162pam a2200325 a 4500
001 - CONTROL NUMBER
control field 4298609
003 - CONTROL NUMBER IDENTIFIER
control field OSt
005 - DATE AND TIME OF LATEST TRANSACTION
control field 20160623101012.0
008 - FIXED-LENGTH DATA ELEMENTS--GENERAL INFORMATION
fixed length control field 860109r19861947nyua j 000 1 eng
010 ## - LIBRARY OF CONGRESS CONTROL NUMBER
LC control number 86042513
020 ## - INTERNATIONAL STANDARD BOOK NUMBER
International Standard Book Number 0140320970
040 ## - CATALOGING SOURCE
Original cataloging agency DLC
Transcribing agency DLC
Modifying agency DLC
042 ## - AUTHENTICATION CODE
Authentication code lcac
050 00 - LIBRARY OF CONGRESS CALL NUMBER
Classification number PZ 7
Item number .D852 1986
082 00 - DEWEY DECIMAL CLASSIFICATION NUMBER
Classification number KF
Item number D85t 1975
100 1# - MAIN ENTRY--PERSONAL NAME
Personal name Du Bois, William Pène,
Dates associated with a name 1916-1993.
9 (RLIN) 5093
245 14 - TITLE STATEMENT
Title The twenty-one balloons /
Statement of responsibility, etc written and illustrated by William Pene Du Bois.
260 ## - PUBLICATION, DISTRIBUTION, ETC. (IMPRINT)
Place of publication, distribution, etc New York :
Name of publisher, distributor, etc Puffin Books,
Date of publication, distribution, etc c1986.
300 ## - PHYSICAL DESCRIPTION
Extent 179 p. :
Other physical details ill. ;
Dimensions 20 cm.
490 0# - SERIES STATEMENT
Series statement Puffin Newbery library
520 ## - SUMMARY, ETC.
Summary, etc Relates the incredible adventures of Professor William Waterman Sherman, who in 1883 sets off in a balloon across the Pacific, survives the volcanic eruption of Krakatoa, and is eventually picked up in the Atlantic.
562 ## - COPY AND VERSION IDENTIFICATION NOTE
Number of copies 1
650 #1 - SUBJECT ADDED ENTRY--TOPICAL TERM
Topical term or geographic name as entry element Balloons
General subdivision Fiction.
9 (RLIN) 5094
650 #1 - SUBJECT ADDED ENTRY--TOPICAL TERM
Topical term or geographic name as entry element Voyages and travels
General subdivision Fiction.
9 (RLIN) 5095
651 #1 - SUBJECT ADDED ENTRY--GEOGRAPHIC NAME
Geographic name Krakatoa (Indonesia)
General subdivision Eruption, 1883.
9 (RLIN) 5096
740 0# - ADDED ENTRY--UNCONTROLLED RELATED/ANALYTICAL TITLE
Uncontrolled related/analytical title 21 balloons.
906 ## - LOCAL DATA ELEMENT F, LDF (RLIN)
a 7
b cbc
c orignew
d 1
e ocip
f 19
g y-gencatlg
942 ## - ADDED ENTRY ELEMENTS (KOHA)
Source of classification or shelving scheme Library of Congress Classification
Koha item type Books
Holdings
Withdrawn status Lost status Source of classification or shelving scheme Damaged status Home library Current library Shelving location Date acquired Source of acquisition Total Checkouts Full call number Barcode Date last seen Copy number Price effective from Koha item type
    Library of Congress Classification   Luxembourg Library Luxembourg Library Kids Fiction Section 07/29/2013 Donation   PZ 7 .D852 1986 11664 06/10/2017 1 07/29/2013 Books

The twenty-one balloons /

APA

Du Bois W. P., . (1986). The twenty-one balloons. New York: Puffin Books.

Chicago

Du Bois William Pène, . 1986. The twenty-one balloons. New York: Puffin Books.

Harvard

Du Bois W. P., . (1986). The twenty-one balloons. New York: Puffin Books.

MLA

Du Bois William Pène, . The twenty-one balloons. New York: Puffin Books. 1986.

  • Place hold
  • Print
  • Cite
  • Add to your cart (remove)
  • Save record
    BIBTEX Dublin Core MARCXML MARC (non-Unicode/MARC-8) MARC (Unicode/UTF-8) MARC (Unicode/UTF-8, Standard) MODS (XML) RIS
  • More searches
    Search for this title in:
    Other Libraries (WorldCat) Other Databases (Google Scholar) Online Stores (Bookfinder.com) Open Library (openlibrary.org)

Exporting to Dublin Core...

SOUTHVILLE LIBRARY

Southville International School and Colleges Library

1281 Tropical Ave. Cor. Luxembourg St., BF Homes International, Las Pinas City

Tel. No. 8256374 / 252358 Loc. 117/146

Powered by Koha